Loading...
| Religion | 0 | 4 | 0 | 1 | 40 | 91 | 104.50 | 0 | 2 | 5.44 | 19.34 |
| Science - Physics | 0 | 4 | 0 | 1 | 40 | 80 | 104.25 | 0 | 1 | 4.23 | 13.39 |
| Science - Other | 0 | 4 | 1 | 1 | 35 | 91 | 103.75 | 0 | 3 | 6.20 | 21.90 |
| History - American | 0 | 3 | 0 | 0 | 30 | 22 | 40.33 | 0 | 2 | 18.01 | 17.36 |
| Literature - European | 0 | 3 | 0 | 1 | 30 | 132 | 136.67 | 0 | 0 | 1.26 | 7.77 |
| Science - Biology | 0 | 2 | 0 | 0 | 20 | 41 | 66.00 | 0 | 1 | 6.99 | 10.00 |
| Fine Arts - Painting and Sculpture | 0 | 2 | 0 | 0 | 20 | 108 | 118.50 | 0 | 0 | 1.92 | 7.27 |
| Social Science | 0 | 2 | 0 | 0 | 20 | 49 | 63.00 | 0 | 1 | 7.10 | 9.17 |
| History - European | 0 | 2 | 1 | 1 | 15 | 114 | 116.50 | 0 | 0 | 0.96 | 6.28 |
| Fine Arts - Other | 0 | 2 | 1 | 1 | 15 | 116 | 120.00 | 0 | 1 | 0.00 | 3.47 |
| Mythology | 0 | 1 | 0 | 0 | 10 | 118 | 118.00 | 0 | 0 | 0.30 | 2.73 |
| Other Academic | 0 | 1 | 0 | 0 | 10 | 18 | 18.00 | 0 | 1 | 28.53 | 30.30 |
| Philosophy | 0 | 1 | 0 | 0 | 10 | 90 | 90.00 | 0 | 0 | 1.65 | 2.73 |
| Science - Chemistry | 0 | 1 | 0 | 1 | 10 | 122 | 122.00 | 0 | 0 | 0.00 | 0.91 |
| History - Other | 0 | 0 | 0 | 0 | 0 | 0.00 | 0 | 0 | 0.00 | 0.00 | |
| Literature - British | 0 | 0 | 0 | 0 | 0 | 0.00 | 0 | 0 | 0.00 | 0.00 | |
| Literature - American | 0 | 0 | 0 | 0 | 0 | 0.00 | 0 | 0 | 0.00 | 0.00 | |
| Fine Arts - Classical Music | 0 | 0 | 0 | 0 | 0 | 0.00 | 0 | 0 | 0.00 | 0.00 |